000 00971nam a2200241 a 4500
001 78075
003 BD-RjUL
005 20211209083103.0
008 210315s2021 bg ||||| |||| 00| 0 ben d
020 _a9789849523611
035 _a(BD-RjUL)78301
040 _aBD-RjUL
_beng
_cBD-RjUL
041 _aben
082 _223
_a891.441
_bBAN 2021
245 0 0 _aবাঙালির স্বপ্নীল স্বদেশ /
_cমানিক মজুমদার ও সুলতানা সাঈদা বেগম সম্পাদিত
260 _aপাবনা :
_bরুপম প্রকাশনী,
_c২০২১
300 _a৪৪০ পৃ.:
_bচিত্রসমূহ;
_c২২ সেমি.
650 _aবাংলা কবিতা
_9246063
650 _aBengali poetry
_9246064
700 _aমজুমদার, মানিক
_9246067
700 _aবেগম, সুলতানা সাঈদা
_9246068
942 _2ddc
_cBK
999 _c78075
_d78075